Economic philosophy (Record no. 40879)

MARC details
000 -LEADER
fixed length control field 00447nam a2200133 a 4500
008 - FIXED-LENGTH DATA ELEMENTS--GENERAL INFORMATION
fixed length control field 120416s1962 ||||||||||||||||| || u
050 ## - LIBRARY OF CONGRESS CALL NUMBER
Classification number HB 71 Rob
100 ## - MAIN ENTRY--PERSONAL NAME
Personal name Robinson, Joan
245 10 - TITLE STATEMENT
Title Economic philosophy
260 ## - PUBLICATION, DISTRIBUTION, ETC.
Place of publication, distribution, etc. Harmondsworths
Name of publisher, distributor, etc. Penguin
Date of publication, distribution, etc. 1962
300 ## - PHYSICAL DESCRIPTION
Extent 140p.
350 ## - PRICE (NR) (BK AM CF MU VM SE) [OBSOLETE]
Price 0.00
995 ## - RECOMMENDATION 995 [LOCAL, UNIMARC FRANCE]
-- 0.00
-- CBU-MAIN LIBRARY (Kitwe)
-- 1
-- 0.00
-- AVAILABLE
-- Main Library Open Access Collection
Holdings
Withdrawn status Lost status Source of classification or shelving scheme Damaged status Not for loan Home library Current library Shelving location Date acquired Total Checkouts Full call number Barcode Date last seen Price effective from Koha item type
          CBU-MAIN LIBRARY, KITWE. CBU-MAIN LIBRARY, KITWE.   11/30/2022   HB 71 Rob 001821 11/30/2022 11/30/2022 MONOGRAPH